La responsabilidad jurídica internacional de los Estados y la pobreza /
Busca caracterizar la naturaleza y la aplicación del principio de responsabilidad jurídica internacional a los Estados por la violación del derecho humano a una vida digna y libre de pobreza, así como las consecuencias jurídicas que de ello se desprenden. Primero el texto aborda: el enfoque de derec...
Uloženo v:
| Hlavní autor: | |
|---|---|
| Médium: | Text |
| Jazyk: | Spanish |
| Témata: | |
| Tagy: |
Přidat tag
Žádné tagy, Buďte první, kdo vytvoří štítek k tomuto záznamu!
|
MARC
| LEADER | 00000 a a2200000 04500 | ||
|---|---|---|---|
| 001 | 44619 | ||
| 003 | cru CIDCACS/IIS | ||
| 005 | 20171117105859.0 | ||
| 008 | 171117b xxu||||| |||| 00| 0 spa d | ||
| 999 | |c 21260 |d 21260 | ||
| 040 | |c cru CIDCACS/IIS | ||
| 100 | |a Contreras García, Ana Gabriela | ||
| 245 | |a La responsabilidad jurídica internacional de los Estados y la pobreza / |c Ana Gabriela Contreras García | ||
| 520 | |a Busca caracterizar la naturaleza y la aplicación del principio de responsabilidad jurídica internacional a los Estados por la violación del derecho humano a una vida digna y libre de pobreza, así como las consecuencias jurídicas que de ello se desprenden. Primero el texto aborda: el enfoque de derechos sobre la pobreza, incluyendo reflexiones teóricas, fortalezas y debilidades. Además, se revisa el principio de la responsabilidad internacional y su aplicación a la problemática de la pobreza en el caso específico de las regiones de Camotán, Jocotán y Olopa en Guatemala. Se finaliza con una serie de consideraciones que analizan los mecanismos idóneos para exigir la responsabilidad internacional por la producción y reproducción de la pobreza. | ||
| 650 | 1 | 0 | |9 284 |a POBREZA |
| 650 | 1 | 0 | |9 38 |a DERECHOS HUMANOS |
| 650 | 1 | 0 | |9 6040 |a DERECHO INTERNACIONAL |
| 650 | 1 | 0 | |9 2617 |a RESPONSABILIDAD DE LOS ESTADOS |
| 651 | 1 | 0 | |9 142 |a GUATEMALA |
| 773 | |g páginas 31-62 | ||
| 942 | |2 ddc |c LI | ||
